000 00894nam a2200229Ii 4500
003 JO-AjNU
008 230605s9999||||xx |||||||||||||| ||und||
017 _a1992/9126
020 _a977-01-3175-X
040 _aJO-AjNU
_bara
_erda
_cJO-AjNU
041 _aara
050 1 4 _aPJ7862.H63.U83 2002
100 3 _aتأليف الشاروني،يوسف ,
_eauthor
_917948
245 0 0 _aالمجموعة القصصية الكاملة: العشاق الخمسة - رسالة إلى إمرأة - الزحام - الكراسي الموسيقية
264 3 1 _aالقاهرة: مكتبة الأسرة،2002 ؛ مهرجان القراءة للجميع 2002
300 _a375ص
336 _atext
_btxt
_2rdacontent
337 _aunmediated
_bn
_2rdamedia
338 _avolume
_bnc
_2rdacarrier
490 0 _aسلسلة الأعمال الكاملة
650 4 _aالأدب العربي - قصص
_917949
999 _aA5649
_c9217
_d9217